[Event "Mistrovstvi Cech 2019 - U16"]
[Site "?"]
[Date "2019.10.27"]
[Round "2.7"]
[White "Vestfal, Jan"]
[Black "Hurtik, Matej"]
[Result "0-1"]
[BlackElo "1924"]
[WhiteElo "1748"]
[LiveChessVersion "1.4.8"]

1. e4 {[%clk 1:30:53]} c5 {[%clk 1:30:27]} 2. c3 {[%clk 1:31:08]} d5
{[%clk 1:29:55]} 3. exd5 {[%clk 1:31:29]} Qxd5 {[%clk 1:30:10]} 4. d4
{[%clk 1:31:44]} g6 {[%clk 1:28:22]} 5. Nf3 {[%clk 1:31:51]} Bg7 {[%clk 1:28:41]}
6. Na3 {[%clk 1:31:59]} cxd4 {[%clk 1:28:23]} 7. Bc4 {[%clk 1:31:51]} Qe4+
{[%clk 1:28:27]} 8. Be3 {[%clk 1:30:19]} Nh6 {[%clk 1:28:07]} 9. cxd4
{[%clk 1:29:13]} O-O {[%clk 1:28:25]} 10. Nb5 {[%clk 1:21:49]} Nc6
{[%clk 1:28:27]} 11. O-O {[%clk 1:20:00]} Nf5 {[%clk 1:21:48]} 12. Re1
{[%clk 1:18:34]} Nxe3 {[%clk 1:20:16]} 13. Rxe3 {[%clk 1:17:15]} Qf5
{[%clk 1:20:28]} 14. d5 {[%clk 1:14:51]} Ne5 {[%clk 1:20:51]} 15. Nxe5
{[%clk 1:14:12]} Bxe5 {[%clk 1:21:14]} 16. Bd3 {[%clk 1:10:45]} Qf6
{[%clk 1:21:27]} 17. Qe2 {[%clk 1:08:47]} Bd6 {[%clk 1:02:18]} 18. Nxd6
{[%clk 1:01:32]} Qxd6 {[%clk 1:02:35]} 19. Rxe7 {[%clk 1:01:11]} Be6
{[%clk 1:02:52]} 20. Rxb7 {[%clk 0:57:57]} Bxd5 {[%clk 1:03:15]} 21. Rb5
{[%clk 0:57:11]} Rfe8 {[%clk 1:03:26]} 22. Qd1 {[%clk 0:54:41]} Bc6
{[%clk 1:02:38]} 23. Bf1 {[%clk 0:41:13]} Qxd1 {[%clk 1:02:16]} 24. Rxd1
{[%clk 0:41:37]} Bxb5 {[%clk 1:02:41]} 25. Bxb5 {[%clk 0:42:03]} Rad8
{[%clk 1:02:59]} 26. Rc1 {[%clk 0:41:27]} Rc8 {[%clk 1:02:20]} 27. Rb1
{[%clk 0:40:30]} Re5 {[%clk 1:02:37]} 28. a4 {[%clk 0:37:01]} Rec5
{[%clk 1:02:59]} 29. Rf1 {[%clk 0:35:43]} Kf8 {[%clk 1:03:15]} 30. b3
{[%clk 0:35:49]} Rc1 {[%clk 1:03:38]} 31. Bc4 {[%clk 0:36:07]} Rxf1+
{[%clk 1:03:23]} 32. Kxf1 {[%clk 0:36:34]} f5 {[%clk 1:02:31]} 33. Ke2
{[%clk 0:34:52]} Ke7 {[%clk 1:02:36]} 34. g3 {[%clk 0:34:24]} Kd6
{[%clk 1:02:57]} 35. Kd3 {[%clk 0:34:37]} Kc5 {[%clk 1:03:06]} 36. Kc3
{[%clk 0:31:57]} a5 {[%clk 1:03:34]} 37. h4 {[%clk 0:31:28]} Re8 {[%clk 1:03:49]}
38. h5 {[%clk 0:30:28]} g5 {[%clk 1:02:52]} 39. Bd3 {[%clk 0:30:00]} Rf8
{[%clk 1:00:53]} 40. f4 {[%clk 0:29:17]} g4 {[%clk 1:00:49]} 41. Bc2
{[%clk 0:28:49]} Kd5 {[%clk 1:01:11]} 42. Bd3 {[%clk 0:28:21]} Rc8+
{[%clk 1:01:15]} 43. Kd2 {[%clk 0:28:10]} Ke6 {[%clk 1:01:33]} 44. Bc4+
{[%clk 0:28:21]} Kf6 {[%clk 1:01:51]} 45. Ke3 {[%clk 0:27:41]} Re8+
{[%clk 1:01:57]} 46. Kd2 {[%clk 0:27:49]} Kg7 {[%clk 1:01:03]} 47. Bd3
{[%clk 0:26:56]} Rf8 {[%clk 1:01:30]} 48. Kc3 {[%clk 0:27:00]} Kh6
{[%clk 1:01:16]} 49. b4 {[%clk 0:27:15]} axb4+ {[%clk 1:01:45]} 50. Kxb4
{[%clk 0:27:39]} Kxh5 {[%clk 1:02:06]} 51. a5 {[%clk 0:27:42]} Kg6
{[%clk 1:02:32]} 52. Kc5 {[%clk 0:27:44]} h5 {[%clk 1:02:20]} 53. a6
{[%clk 0:27:42]} h4 {[%clk 1:02:45]} 54. gxh4 {[%clk 0:26:25]} Rf7
{[%clk 1:02:03]} 55. Bb5 {[%clk 0:25:37]} g3 {[%clk 1:02:01]} 56. Bf1
{[%clk 0:24:48]} Kh5 {[%clk 1:00:59]} 57. Bg2 {[%clk 0:23:43]} Kxh4
{[%clk 1:01:01]} 58. Bb7 {[%clk 0:19:56]} Kh3 {[%clk 0:57:41]} 59. a7
{[%clk 0:19:56]} Rf8 {[%clk 0:58:04]} 60. a8=Q {[%clk 0:14:59]} Rxa8
{[%clk 0:58:31]} 61. Bxa8 {[%clk 0:14:40]} g2 {[%clk 0:58:17]} 62. Bxg2+
{[%clk 0:14:58]} Kxg2 {[%clk 0:58:42]} 63. Kd4 {[%clk 0:15:18]} Kf3
{[%clk 0:58:58]} 0-1

[Event "Mistrovstvi Cech 2019 - U16"]
[Site "?"]
[Date "2019.10.27"]
[Round "2.8"]
[White "Jares, Michal"]
[Black "Merinsky, Vaclav"]
[Result "1-0"]
[BlackElo "1728"]
[WhiteElo "1922"]
[LiveChessVersion "1.4.8"]

1. d4 {[%clk 1:30:49]} Nf6 {[%clk 1:30:56]} 2. Nf3 {[%clk 1:31:09]} g6
{[%clk 1:31:18]} 3. g3 {[%clk 1:31:22]} Bg7 {[%clk 1:31:19]} 4. Bg2
{[%clk 1:31:40]} d5 {[%clk 1:30:52]} 5. O-O {[%clk 1:31:56]} O-O {[%clk 1:31:18]}
6. c4 {[%clk 1:31:14]} c6 {[%clk 1:30:04]} 7. Nc3 {[%clk 1:29:59]} Nbd7
{[%clk 1:28:33]} 8. Bf4 {[%clk 1:26:16]} dxc4 {[%clk 1:25:47]} 9. e4
{[%clk 1:23:56]} Nb6 {[%clk 1:21:16]} 10. a4 {[%clk 1:20:58]} a5 {[%clk 1:19:33]}
11. h3 {[%clk 1:19:31]} Re8 {[%clk 1:17:51]} 12. Qe2 {[%clk 1:16:40]} Nh5
{[%clk 1:07:59]} 13. Be3 {[%clk 1:16:22]} Nf6 {[%clk 1:07:15]} 14. Rfd1
{[%clk 1:14:52]} e6 {[%clk 1:04:46]} 15. Rac1 {[%clk 1:11:47]} Bd7
{[%clk 1:00:00]} 16. Ne5 {[%clk 1:08:19]} Qe7 {[%clk 0:56:51]} 17. Nxc4
{[%clk 1:02:49]} Nxc4 {[%clk 0:57:11]} 18. Qxc4 {[%clk 1:03:14]} e5
{[%clk 0:56:10]} 19. dxe5 {[%clk 0:59:34]} Qxe5 {[%clk 0:56:34]} 20. f4
{[%clk 0:56:21]} Qe7 {[%clk 0:55:05]} 21. e5 {[%clk 0:55:12]} Bf8
{[%clk 0:43:57]} 22. Bf2 {[%clk 0:53:00]} Nh5 {[%clk 0:42:39]} 23. g4
{[%clk 0:52:33]} Be6 {[%clk 0:40:39]} 24. Qd4 {[%clk 0:50:54]} Red8
{[%clk 0:39:10]} 25. Qe3 {[%clk 0:50:46]} Ng7 {[%clk 0:38:50]} 26. Ne4
{[%clk 0:50:06]} Qb4 {[%clk 0:36:10]} 27. Nf6+ {[%clk 0:47:18]} Kh8
{[%clk 0:36:27]} 28. Rxd8 {[%clk 0:47:44]} Rxd8 {[%clk 0:36:36]} 29. f5
{[%clk 0:47:21]} 1-0

[Event "Mistrovstvi Cech 2019 - U16"]
[Site "?"]
[Date "2019.10.27"]
[Round "2.9"]
[White "Bauer, Jan"]
[Black "Bartos, Vaclav"]
[Result "0-1"]
[BlackElo "1921"]
[WhiteElo "1721"]
[LiveChessVersion "1.4.8"]

1. d4 {[%clk 1:30:57]} Nf6 {[%clk 1:30:55]} 2. Nf3 {[%clk 1:31:19]} c5
{[%clk 1:31:14]} 3. e3 {[%clk 1:31:24]} g6 {[%clk 1:30:04]} 4. Bd3
{[%clk 1:25:24]} Bg7 {[%clk 1:29:07]} 5. O-O {[%clk 1:24:24]} b6 {[%clk 1:27:30]}
6. Nbd2 {[%clk 1:15:25]} Bb7 {[%clk 1:24:07]} 7. b3 {[%clk 1:09:59]} d6
{[%clk 1:19:53]} 8. Bb2 {[%clk 1:05:16]} O-O {[%clk 1:19:18]} 9. e4
{[%clk 0:57:55]} cxd4 {[%clk 1:17:26]} 10. Nxd4 {[%clk 0:50:29]} Nbd7
{[%clk 1:14:34]} 11. Re1 {[%clk 0:44:34]} Nc5 {[%clk 1:11:45]} 12. Rc1
{[%clk 0:43:13]} Nfd7 {[%clk 1:09:23]} 13. N2f3 {[%clk 0:40:46]} Ne5
{[%clk 1:07:12]} 14. Nxe5 {[%clk 0:37:03]} Bxe5 {[%clk 1:07:20]} 15. c3
{[%clk 0:33:20]} d5 {[%clk 0:59:08]} 16. exd5 {[%clk 0:32:00]} Qxd5
{[%clk 0:59:18]} 17. f3 {[%clk 0:28:48]} Bf4 {[%clk 0:55:47]} 18. Rc2
{[%clk 0:25:47]} Nxd3 {[%clk 0:55:44]} 19. Qxd3 {[%clk 0:26:06]} e5
{[%clk 0:56:01]} 0-1

[Event "Mistrovstvi Cech 2019 - U16"]
[Site "?"]
[Date "2019.10.27"]
[Round "2.10"]
[White "Popovsky, Ondrej"]
[Black "Cibulka, Josef"]
[Result "1-0"]
[BlackElo "1908"]
[WhiteElo "1690"]
[LiveChessVersion "1.4.8"]

1. d4 {[%clk 1:30:57]} Nf6 {[%clk 1:30:46]} 2. Nf3 {[%clk 1:31:17]} c5
{[%clk 1:30:59]} 3. c3 {[%clk 1:30:51]} e6 {[%clk 1:29:13]} 4. e3
{[%clk 1:30:29]} Nc6 {[%clk 1:27:37]} 5. Bd3 {[%clk 1:29:12]} d5 {[%clk 1:27:06]}
6. O-O {[%clk 1:29:01]} Bd6 {[%clk 1:25:24]} 7. dxc5 {[%clk 1:28:17]} Bxc5
{[%clk 1:25:52]} 8. Nbd2 {[%clk 1:25:38]} O-O {[%clk 1:24:53]} 9. b4
{[%clk 1:24:37]} Bd6 {[%clk 1:25:13]} 10. Bb2 {[%clk 1:22:46]} e5
{[%clk 1:17:30]} 11. e4 {[%clk 1:21:08]} dxe4 {[%clk 1:17:38]} 12. Nxe4
{[%clk 1:21:22]} Nxe4 {[%clk 1:17:42]} 13. Bxe4 {[%clk 1:21:49]} f5
{[%clk 1:17:41]} 14. Bd5+ {[%clk 1:22:03]} Kh8 {[%clk 1:17:55]} 15. b5
{[%clk 1:21:47]} Ne7 {[%clk 1:17:16]} 16. c4 {[%clk 1:21:36]} Ng6
{[%clk 1:07:20]} 17. h4 {[%clk 1:15:22]} Qe7 {[%clk 0:40:51]} 18. Re1
{[%clk 1:06:30]} e4 {[%clk 0:33:10]} 19. Ng5 {[%clk 1:03:56]} Bf4
{[%clk 0:30:32]} 20. Qh5 {[%clk 1:01:39]} Bxg5 {[%clk 0:30:01]} 21. hxg5
{[%clk 1:00:34]} Nf4 {[%clk 0:30:13]} 22. Qh6 {[%clk 0:59:22]} Ng6
{[%clk 0:23:27]} 23. Re3 {[%clk 0:55:14]} Ne5 {[%clk 0:22:36]} 24. Qh4
{[%clk 0:53:05]} Ng6 {[%clk 0:16:07]} 25. Qh5 {[%clk 0:35:59]} Nf4
{[%clk 0:14:24]} 26. Qh6 {[%clk 0:35:25]} Nxd5 {[%clk 0:13:57]} 27. Rh3
{[%clk 0:34:10]} Nf6 {[%clk 0:13:16]} 28. gxf6 {[%clk 0:33:45]} gxf6
{[%clk 0:13:40]} 29. Ba3 {[%clk 0:33:36]} Qg7 {[%clk 0:13:11]} 30. Bxf8
{[%clk 0:33:21]} Qxh6 {[%clk 0:13:39]} 31. Bxh6 {[%clk 0:33:28]} Be6
{[%clk 0:13:59]} 32. Rc3 {[%clk 0:32:45]} a6 {[%clk 0:14:19]} 33. bxa6 Rxa6 34.
Rd1 {[%clk 0:29:31]} Rxa2 {[%clk 0:14:31]} 35. Rd8+ {[%clk 0:29:49]} Bg8
{[%clk 0:14:59]} 36. Rg3 {[%clk 0:29:58]} 1-0

[Event "Mistrovstvi Cech 2019 - U16"]
[Site "?"]
[Date "2019.10.27"]
[Round "2.11"]
[White "Hejsek, Lukas"]
[Black "Handl, Petr"]
[Result "1-0"]
[BlackElo "1662"]
[WhiteElo "1887"]
[LiveChessVersion "1.4.8"]

1. d4 {[%clk 1:30:57]} d5 {[%clk 1:30:40]} 2. Nf3 {[%clk 1:31:05]} Nf6
{[%clk 1:30:47]} 3. c4 {[%clk 1:30:47]} e6 {[%clk 1:30:41]} 4. g3
{[%clk 1:30:54]} c5 {[%clk 1:30:07]} 5. cxd5 {[%clk 1:30:50]} Nxd5
{[%clk 1:29:49]} 6. Bg2 {[%clk 1:30:26]} Nc6 {[%clk 1:29:38]} 7. O-O
{[%clk 1:30:08]} Be7 {[%clk 1:29:15]} 8. Nc3 {[%clk 1:28:45]} O-O
{[%clk 1:28:27]} 9. Nxd5 {[%clk 1:22:50]} Qxd5 {[%clk 1:25:16]} 10. Be3
{[%clk 1:13:58]} cxd4 {[%clk 1:20:57]} 11. Nxd4 {[%clk 1:14:18]} Qd7
{[%clk 1:19:29]} 12. Nxc6 {[%clk 1:13:37]} bxc6 {[%clk 1:19:26]} 13. Qa4
{[%clk 1:11:59]} Bb7 {[%clk 1:16:33]} 14. Rfd1 {[%clk 1:11:40]} Qc7
{[%clk 1:16:24]} 15. Rac1 {[%clk 1:03:59]} Rfc8 {[%clk 1:10:39]} 16. Bf4
{[%clk 0:59:24]} Qb6 {[%clk 1:05:47]} 17. Rd7 {[%clk 0:57:59]} Bf6
{[%clk 1:02:42]} 18. Qb3 {[%clk 0:44:48]} Ba6 {[%clk 0:59:29]} 19. Qxb6
{[%clk 0:45:02]} axb6 {[%clk 0:59:54]} 20. Bxc6 {[%clk 0:45:12]} Rd8
{[%clk 0:54:35]} 21. Bxa8 {[%clk 0:35:13]} Rxd7 {[%clk 0:54:24]} 22. Rc2
{[%clk 0:35:11]} h6 {[%clk 0:50:22]} 23. Be3 {[%clk 0:33:30]} b5 {[%clk 0:48:04]}
24. b3 {[%clk 0:26:28]} b4 {[%clk 0:43:49]} 25. Bd2 {[%clk 0:24:54]} Bxe2
{[%clk 0:41:08]} 26. Rc8+ {[%clk 0:18:22]} Kh7 {[%clk 0:34:59]} 27. Be4+
{[%clk 0:18:38]} g6 {[%clk 0:35:13]} 28. Bxb4 {[%clk 0:16:18]} Rd4
{[%clk 0:34:05]} 29. Bc3 {[%clk 0:14:25]} Rd1+ {[%clk 0:32:42]} 30. Kg2
{[%clk 0:14:53]} Bxc3 {[%clk 0:32:25]} 31. Rxc3 {[%clk 0:15:13]} f5
{[%clk 0:31:17]} 32. Bb7 {[%clk 0:12:31]} g5 {[%clk 0:29:41]} 33. Re3
{[%clk 0:10:36]} Rd2 {[%clk 0:26:53]} 34. a4 {[%clk 0:11:05]} Bd1
{[%clk 0:26:41]} 35. Bf3 {[%clk 0:11:12]} Bc2 {[%clk 0:26:39]} 36. h3
{[%clk 0:11:20]} Rd6 {[%clk 0:26:26]} 37. Rc3 {[%clk 0:11:07]} Bd3
{[%clk 0:26:27]} 38. g4 {[%clk 0:08:54]} Kg6 {[%clk 0:25:54]} 39. Rc6
{[%clk 0:08:01]} 1-0

[Event "Mistrovstvi Cech 2019 - U16"]
[Site "?"]
[Date "2019.10.27"]
[Round "2.12"]
[White "Svejk, Martin"]
[Black "Langmajer, Jan"]
[Result "0-1"]
[BlackElo "1615"]
[WhiteElo "1858"]
[LiveChessVersion "1.4.8"]

1. d4 d5 2. c4 e5 3. dxe5 d4 4. Nf3 Nc6 5. a3 Nge7 6. b4 Ng6 7. Bb2 Ncxe5 8. Nxe5
Nxe5 9. e3 Be6 10. c5 Nc6 11. exd4 Qd7 12. Bb5 O-O-O 13. O-O Be7 14. Qa4 Bd5 15.
f3 Kb8 16. Qd1 Bf6 17. Rf2 Rhe8 18. Nd2 a6 19. Ba4 Be6 20. Bxc6 bxc6 21. Ne4 Bxd4
22. Bxd4 Qxd4 23. Qxd4 Rxd4 24. Rb2 Bd5 25. Ng3 g6 26. Kf2 Bc4 27. Rc1 f5 28.
Rbc2 Bb5 29. Nf1 f4 30. g3 g5 31. Rc3 Re2+ 32. Kg1 Ra2 33. gxf4 gxf4 34. h3 Bxf1
35. Kxf1 Rdd2 36. Kg1 Rg2+ 37. Kf1 Rh2 38. Kg1 Rxh3 39. R1c2 Rxc2 40. Rxc2 Rxf3
41. a4 h5 42. Kg2 Rg3+ 43. Kh2 Kc8 44. Rc4 Rg4 45. Rc2 f3 46. b5 cxb5 47. axb5
Rg2+ 48. Rxg2 fxg2 49. bxa6 Kb8 50. Kxg2 Ka7 51. Kh3 Kxa6 52. Kh4 Kb5 53. Kxh5
Kxc5 54. Kg4 Kd4 55. Kf3 Kd3 56. Kf2 Kd2 0-1

[Event "Mistrovstvi Cech 2019 - U16"]
[Site "?"]
[Date "2019.10.27"]
[Round "2.13"]
[White "Pulpan, Ondrej"]
[Black "Pors, Jaroslav"]
[Result "1/2-1/2"]
[BlackElo "1850"]
[WhiteElo "1624"]
[LiveChessVersion "1.4.8"]

1. e4 {[%clk 1:30:58]} e6 {[%clk 1:30:55]} 2. d4 {[%clk 1:31:22]} d5
{[%clk 1:31:20]} 3. exd5 {[%clk 1:31:42]} exd5 {[%clk 1:31:46]} 4. Bd3 c5
{[%clk 1:32:10]} 5. c3 {[%clk 1:30:10]} cxd4 {[%clk 1:29:57]} 6. cxd4
{[%clk 1:29:58]} Nf6 {[%clk 1:30:18]} 7. Nf3 {[%clk 1:23:48]} Be7
{[%clk 1:28:48]} 8. Nc3 {[%clk 1:20:34]} O-O {[%clk 1:22:16]} 9. h3
{[%clk 1:11:47]} Nc6 {[%clk 1:07:48]} 10. O-O {[%clk 1:08:09]} h6
{[%clk 1:00:54]} 11. Be3 {[%clk 0:57:49]} Re8 {[%clk 0:48:16]} 12. Bb5
{[%clk 0:52:33]} Bd6 {[%clk 0:39:24]} 13. Qc1 {[%clk 0:38:18]} Bd7
{[%clk 0:26:04]} 14. Bf4 {[%clk 0:32:31]} Qc7 {[%clk 0:24:54]} 15. Bxd6
{[%clk 0:32:09]} Qxd6 {[%clk 0:25:13]} 16. Qd2 {[%clk 0:26:00]} Ne4
{[%clk 0:25:15]} 17. Nxe4 {[%clk 0:25:57]} dxe4 {[%clk 0:24:48]} 18. Bxc6
{[%clk 0:25:32]} Bxc6 {[%clk 0:21:43]} 19. Nh2 {[%clk 0:23:27]} Rad8
{[%clk 0:20:40]} 20. Rfd1 {[%clk 0:22:03]} Re5 {[%clk 0:19:28]} 21. dxe5
{[%clk 0:17:39]} Qxd2 {[%clk 0:19:50]} 22. Rxd2 {[%clk 0:18:08]} Rxd2
{[%clk 0:20:11]} 23. b3 {[%clk 0:17:34]} Rd5 {[%clk 0:20:24]} 24. f4
{[%clk 0:14:49]} exf3 {[%clk 0:18:26]} 25. Nxf3 {[%clk 0:15:06]} Rc5
{[%clk 0:17:42]} 26. Kf2 {[%clk 0:10:18]} Bxf3 {[%clk 0:17:57]} 27. Kxf3
{[%clk 0:10:40]} Rxe5 {[%clk 0:18:24]} 28. Rc1 {[%clk 0:09:56]} Ra5
{[%clk 0:17:00]} 29. a4 {[%clk 0:08:54]} b5 {[%clk 0:11:45]} 30. Rc5
{[%clk 0:05:10]} Kf8 {[%clk 0:11:57]} 31. Ke4 {[%clk 0:02:27]} Ke7
{[%clk 0:12:23]} 32. Kd5 {[%clk 0:02:05]} Kd7 {[%clk 0:12:04]} 33. axb5
{[%clk 0:01:45]} Ra2 {[%clk 0:06:01]} 34. g4 {[%clk 0:00:45]} Rd2+
{[%clk 0:05:22]} 35. Ke4 {[%clk 0:01:02]} Ke6 {[%clk 0:04:39]} 36. Rc7
{[%clk 0:00:53]} Re2+ {[%clk 0:03:41]} 37. Kd4 {[%clk 0:01:00]} Ra2
{[%clk 0:03:54]} 38. b6 {[%clk 0:00:53]} axb6 {[%clk 0:03:44]} 39. Rc6+
{[%clk 0:01:13]} Kd7 {[%clk 0:02:33]} 40. Rxb6 {[%clk 0:01:42]} Kc7
{[%clk 0:02:53]} 41. Rb5 {[%clk 0:01:32]} 1/2-1/2

[Event "Mistrovstvi Cech 2019 - U16"]
[Site "?"]
[Date "2019.10.27"]
[Round "2.14"]
[White "Nemec, Jachym"]
[Black "Kacirek, Jakub"]
[Result "0-1"]
[BlackElo "1532"]
[WhiteElo "1845"]
[LiveChessVersion "1.4.8"]

1. Nf3 {[%clk 1:30:51]} Nf6 {[%clk 1:30:49]} 2. g3 {[%clk 1:31:06]} g6
{[%clk 1:31:12]} 3. d4 {[%clk 1:31:10]} Bg7 {[%clk 1:31:26]} 4. Bg2
{[%clk 1:31:30]} O-O {[%clk 1:31:47]} 5. c4 {[%clk 1:31:49]} c6 {[%clk 1:31:06]}
6. O-O {[%clk 1:31:56]} d5 {[%clk 1:31:32]} 7. Nc3 {[%clk 1:30:53]} Ne4
{[%clk 1:27:22]} 8. e3 {[%clk 1:25:44]} Nd7 {[%clk 1:19:14]} 9. cxd5
{[%clk 1:22:23]} Nxc3 {[%clk 1:19:35]} 10. bxc3 {[%clk 1:22:47]} cxd5
{[%clk 1:19:55]} 11. Nd2 {[%clk 1:22:48]} Nb6 {[%clk 1:18:59]} 12. a4
{[%clk 1:18:34]} Qc7 {[%clk 1:06:00]} 13. a5 {[%clk 1:16:11]} Nc4
{[%clk 1:05:40]} 14. Bxd5 {[%clk 1:12:10]} Nxa5 {[%clk 1:04:53]} 15. Qa4
{[%clk 1:08:29]} Nc6 {[%clk 1:05:04]} 16. Ba3 {[%clk 1:08:12]} Rd8
{[%clk 1:01:21]} 17. Bg2 {[%clk 1:06:54]} Bd7 {[%clk 0:58:20]} 18. Qc4
{[%clk 1:03:39]} Rac8 {[%clk 0:53:54]} 19. d5 {[%clk 0:50:15]} b5
{[%clk 0:45:24]} 20. Qc5 {[%clk 0:46:42]} b4 {[%clk 0:44:02]} 21. cxb4
{[%clk 0:32:20]} Bxa1 {[%clk 0:43:32]} 22. Rxa1 {[%clk 0:32:19]} Ne5
{[%clk 0:42:30]} 23. Qxe7 {[%clk 0:31:21]} Qc3 {[%clk 0:39:04]} 24. Ra2
{[%clk 0:31:11]} Nc4 {[%clk 0:35:23]} 25. Nxc4 {[%clk 0:22:43]} Qxc4
{[%clk 0:31:17]} 26. Ra1 {[%clk 0:20:17]} Qc3 {[%clk 0:28:00]} 27. Rc1
{[%clk 0:18:15]} Qxc1+ 0-1

[Event "Mistrovstvi Cech 2019 - U16"]
[Site "?"]
[Date "2019.10.27"]
[Round "2.16"]
[White "Ret, Adam Josef"]
[Black "Rousek, Jan"]
[Result "1-0"]
[BlackElo "1607"]
[WhiteElo "2047"]
[LiveChessVersion "1.4.8"]

1. c4 {[%clk 1:30:56]} e5 {[%clk 1:30:25]} 2. Nc3 {[%clk 1:31:11]} Nf6
{[%clk 1:30:44]} 3. Nf3 {[%clk 1:31:35]} Nc6 {[%clk 1:30:37]} 4. e4
{[%clk 1:29:25]} Bc5 {[%clk 1:20:49]} 5. Nxe5 {[%clk 1:28:50]} Nxe5
{[%clk 1:09:01]} 6. d4 {[%clk 1:28:54]} Bxd4 {[%clk 1:07:44]} 7. Qxd4
{[%clk 1:29:12]} Nc6 {[%clk 1:08:08]} 8. Qd1 {[%clk 1:27:29]} d6 {[%clk 1:04:51]}
9. Bg5 {[%clk 1:25:59]} h6 {[%clk 0:56:30]} 10. Bh4 {[%clk 1:25:09]} g5
{[%clk 0:53:41]} 11. Bg3 {[%clk 1:24:57]} b6 {[%clk 0:45:56]} 12. Be2
{[%clk 1:22:01]} Bb7 {[%clk 0:43:50]} 13. Qa4 {[%clk 1:19:17]} Qd7
{[%clk 0:38:06]} 14. O-O-O {[%clk 1:15:46]} O-O-O {[%clk 0:33:29]} 15. f4
{[%clk 0:59:19]} gxf4 {[%clk 0:29:36]} 16. Bh4 {[%clk 0:53:46]} Qe6
{[%clk 0:19:58]} 17. Bf3 {[%clk 0:36:51]} Rde8 {[%clk 0:11:33]} 18. Rhe1
{[%clk 0:34:33]} Nd7 {[%clk 0:09:25]} 19. Nd5 {[%clk 0:31:22]} Na5
{[%clk 0:02:39]} 20. Qc2 {[%clk 0:26:06]} Qe5 {[%clk 0:01:29]} 21. Bg4
{[%clk 0:25:26]} Bxd5 {[%clk 0:01:11]} 22. cxd5 {[%clk 0:21:30]} Qg7
{[%clk 0:00:51]} 23. Bf5 {[%clk 0:20:53]} f6 {[%clk 0:00:59]} 24. Qa4
{[%clk 0:18:05]} Re7 {[%clk 0:00:40]} 25. b4 {[%clk 0:18:25]} Nc4
{[%clk 0:00:35]} 26. Qxa7 {[%clk 0:18:14]} c5 {[%clk 0:00:34]} 27. dxc6
{[%clk 0:16:14]} Kd8 {[%clk 0:00:38]} 28. Qa8+ {[%clk 0:16:10]} Kc7
{[%clk 0:00:58]} 29. Qb7+ {[%clk 0:16:36]} Kd8 {[%clk 0:01:23]} 30. c7+
{[%clk 0:17:00]} 1-0

[Event "Mistrovstvi Cech 2019 - U16"]
[Site "Prichovice u Korenova"]
[Date "2019.10.27"]
[Round "2.17"]
[White "Hrbek, Tomas"]
[Black "Macok, Martin"]
[Result "0-1"]
[WhiteElo "1913"]
[BlackElo "1583"]
[PlyCount "60"]
[EventDate "2019.10.26"]

1. d4 g6 2. c4 Nf6 3. Nc3 Bg7 4. Nf3 d6 5. e4 O-O 6. Be2 e5 7. d5 Nbd7 8. Bg5
a5 9. Qc2 b6 10. Nd2 h6 11. Be3 Nh7 12. g4 Nc5 13. O-O-O f5 14. gxf5 gxf5 15.
exf5 Bxf5 16. Nde4 Qh4 17. f3 Kh8 18. Bxc5 bxc5 19. Kb1 Ng5 20. Rdf1 Bh7 21.
Rhg1 Rf4 22. Rg3 Qxh2 23. Rfg1 Raf8 24. Qd1 R8f7 25. Ka1 Nxe4 26. Nxe4 Bxe4 27.
fxe4 Rxe4 28. Bh5 Rd4 29. Qg4 Rxg4 30. Rxg4 Qxh5 0-1

[Event "Mistrovstvi Cech 2019 - U16"]
[Site "Prichovice u Korenova"]
[Date "2019.10.27"]
[Round "2.18"]
[White "Ulc, Jiri"]
[Black "Ocelak, Jakub"]
[Result "0-1"]
[WhiteElo "1286"]
[BlackElo "1870"]
[PlyCount "116"]
[EventDate "2019.10.26"]

1. e4 c5 2. Nf3 e6 3. Nc3 Nc6 4. Be2 Be7 5. O-O d6 6. d4 cxd4 7. Nxd4 Nf6 8.
Bg5 a6 9. Qd2 h6 10. Bh4 Nxd4 11. Qxd4 e5 12. Qe3 g5 13. Bg3 Be6 14. Rad1 Qc7
15. Rd2 b5 16. Rfd1 Rd8 17. a3 h5 18. h3 h4 19. Bh2 Rg8 20. Kh1 Nd7 21. Nd5
Bxd5 22. exd5 Nf6 23. Bf3 Kf8 24. Qb3 Nd7 25. Qb4 Qc5 26. Bg4 Qxb4 27. axb4 Nb6
28. b3 Kg7 29. Re1 Kg6 30. f4 gxf4 31. Bxf4 f5 32. Bf3 Bf6 33. Be3 Nd7 34. Be2
Rb8 35. Ra1 Ra8 36. Bg1 Rgb8 37. Ra2 e4 38. Bd4 Bxd4 39. Rxd4 Ne5 40. Rd1 Rb6
41. Rb1 Nd7 42. c4 bxc4 43. bxc4 Rab8 44. Rab2 Kf6 45. Bd1 Ne5 46. Be2 Ng6 47.
Rb3 Nf4 48. Bd1 Nd3 49. Kg1 Rxb4 50. Rxb4 Rxb4 51. Rxb4 Nxb4 52. Kf2 f4 53. Ke2
Ke5 54. Kd2 Kd4 55. Bb3 Nd3 56. Ba2 e3+ 57. Kd1 Nb2+ 58. Ke2 Nxc4 0-1

[Event "Mistrovstvi Cech 2019 - FIDE"]
[Site "?"]
[Date "2019.10.28"]
[Round "3.1"]
[White "Petr, Jakub"]
[Black "Hurdzan, Tomas"]
[Result "0-1"]
[BlackElo "2229"]
[WhiteElo "2288"]
[LiveChessVersion "1.4.8"]

1. e4 {[%clk 1:30:50]} c5 {[%clk 1:30:41]} 2. Nf3 {[%clk 1:31:13]} Nc6
{[%clk 1:31:01]} 3. Bb5 {[%clk 1:31:26]} g6 {[%clk 1:31:08]} 4. Bxc6
{[%clk 1:31:23]} dxc6 {[%clk 1:31:17]} 5. h3 {[%clk 1:31:46]} Bg7
{[%clk 1:31:17]} 6. d3 {[%clk 1:31:54]} e5 {[%clk 1:31:04]} 7. Nc3
{[%clk 1:31:30]} Qe7 {[%clk 1:28:46]} 8. O-O {[%clk 1:24:09]} Nf6
{[%clk 1:28:02]} 9. Be3 {[%clk 1:23:52]} Nd7 {[%clk 1:28:00]} 10. Nd2
{[%clk 1:22:45]} Nf8 {[%clk 1:24:33]} 11. a4 {[%clk 1:16:26]} Ne6
{[%clk 1:22:34]} 12. Nc4 {[%clk 1:15:58]} h5 {[%clk 1:01:19]} 13. Ne2
{[%clk 1:10:05]} O-O {[%clk 0:47:41]} 14. c3 {[%clk 0:58:34]} Rd8
{[%clk 0:46:40]} 15. Qc2 {[%clk 0:55:10]} Kh7 {[%clk 0:42:57]} 16. a5
{[%clk 0:51:16]} Qh4 {[%clk 0:40:20]} 17. f4 {[%clk 0:46:11]} exf4
{[%clk 0:40:40]} 18. Nxf4 {[%clk 0:46:27]} Bh6 {[%clk 0:36:38]} 19. Qf2
{[%clk 0:41:26]} Qxf2+ {[%clk 0:35:50]} 20. Rxf2 {[%clk 0:39:51]} Bg7
{[%clk 0:28:33]} 21. Nxe6 {[%clk 0:35:38]} Bxe6 {[%clk 0:28:58]} 22. Bxc5
{[%clk 0:35:03]} Rxd3 {[%clk 0:29:03]} 23. Nd6 {[%clk 0:35:06]} Kg8
{[%clk 0:16:06]} 24. Nxb7 {[%clk 0:31:36]} a6 {[%clk 0:13:58]} 25. Ra4
{[%clk 0:22:53]} Rb8 {[%clk 0:12:49]} 26. Rb4 {[%clk 0:21:41]} Be5
{[%clk 0:13:15]} 27. Ba7 {[%clk 0:17:16]} Ra8 {[%clk 0:13:18]} 28. Bd4
{[%clk 0:17:19]} Bg3 {[%clk 0:12:41]} 29. Rf1 {[%clk 0:17:09]} Rb8
{[%clk 0:10:15]} 30. Ba7 {[%clk 0:16:23]} Ra8 {[%clk 0:10:32]} 31. Bf2
{[%clk 0:16:21]} h4 {[%clk 0:08:48]} 32. Nc5 {[%clk 0:13:41]} Rd2
{[%clk 0:09:16]} 33. Be3 {[%clk 0:09:57]} Re2 {[%clk 0:09:28]} 34. Nxe6
{[%clk 0:07:58]} fxe6 {[%clk 0:08:49]} 35. Bg5 {[%clk 0:08:20]} Rf8
{[%clk 0:08:23]} 36. Bf6 {[%clk 0:08:18]} Bd6 {[%clk 0:05:07]} 37. Rb7
{[%clk 0:08:08]} Rxf6 {[%clk 0:05:19]} 38. Rxf6 {[%clk 0:08:02]} Re1+
{[%clk 0:05:40]} 39. Kf2 {[%clk 0:06:53]} Bg3+ {[%clk 0:06:06]} 40. Kf3
{[%clk 0:07:20]} Rf1+ {[%clk 0:06:33]} 41. Kg4 {[%clk 0:07:45]} Rxf6
{[%clk 0:07:01]} 42. Kg5 {[%clk 0:08:10]} Rf2 {[%clk 0:06:16]} 43. Kxg6
{[%clk 0:07:59]} Rxg2 {[%clk 0:06:29]} 44. Kf6 {[%clk 0:08:02]} Re2
{[%clk 0:06:21]} 45. Rg7+ {[%clk 0:08:02]} Kh8 {[%clk 0:05:47]} 46. Rg4
{[%clk 0:07:48]} Rxb2 {[%clk 0:05:48]} 47. Kxe6 {[%clk 0:08:12]} Rc2
{[%clk 0:05:18]} 48. Rg5 {[%clk 0:08:13]} Rxc3 {[%clk 0:05:20]} 49. Rf5
{[%clk 0:07:03]} Kg7 {[%clk 0:04:35]} 50. e5 {[%clk 0:07:00]} Ra3
{[%clk 0:03:44]} 51. Kd7 {[%clk 0:05:13]} Rxa5 {[%clk 0:03:53]} 52. e6
{[%clk 0:05:36]} Rxf5 {[%clk 0:04:16]} 53. e7 {[%clk 0:06:04]} Re5
{[%clk 0:04:35]} 54. e8=Q {[%clk 0:06:26]} Rxe8 {[%clk 0:05:02]} 0-1